000 00501nam a2200193Ia 4500
005 20240722100139.0
008 131103s9999 xx 000 0 und d
040 _aLoreto College
041 _aEnglish
082 _a821
_bPAL
245 _aPalgrave's the golden treasury
260 _aNew York
_bThe Modern Library
_c1944
300 _a426p.
440 _aThe modern library of the World's best books
504 _aIncluds index
650 _aEnglish poetry
850 _aLCBED
942 _cBK
999 _c29894
_d80373